000 00819nam a2200265 4500
001 45646
010 _a9789892353722
021 _b494817/22
090 _a45646
100 _a20220317d2022 em y0pory50030103ba
101 1 _apor
102 _aPT
200 1 _aCerco e tempestade
_fLeigh Bardugo
_gtrad. Raquel Dutra Lopes
205 _a1<U+00AA> ed
210 9 _aAlfragide
_cASA,
_d2022
215 _a386 p.
_cil.
_d24 cm
225 2 _a1001 Mundos
_iTriologia Grisha
_vV.2
304 _aTít. orig.: Siege and storm
675 _a821.111(73)-93"20"
_vBN
_zpor
675 _a821.111(73)-312.9"20"
_vBN
_zpor
700 1 _aBardugo,
_bLeigh
_f1975-
702 1 _aLopes,
_bRaquel,
_f1983-
_4730
801 0 _aPT
_bBN
_gRPC
856 4 1 _uhttp://rnod.bnportugal.gov.pt/ImagesBN/winlibimg.aspx?skey=&doc=2095210&img=162805&save=true
990 _cMON